| 000 | 00926cam a2200325 a 4500 | ||
|---|---|---|---|
| 001 | 200461097 | ||
| 003 | TR-AnTOB | ||
| 005 | 20240826092553.0 | ||
| 007 | ta | ||
| 008 | 240613s1993 enka |||| 001|0|eng d | ||
| 010 | _a93-9734 | ||
| 020 | _a9780632036967 | ||
| 020 | _a0632036966 | ||
| 040 |
_aDNLM _beng _erda _cDNLM _dTR-AnTOB |
||
| 041 | 0 | _aeng | |
| 060 | 0 | 0 |
_aQS 4 _bM695 1993 |
| 096 |
_aQS4 _bM695 1993 |
||
| 100 | 1 |
_aMoffat, D. B. _q(David Burns) _9145830 |
|
| 245 | 1 | 0 |
_aLecture notes on anatomy / _cD.B. Moffat. |
| 264 | 1 |
_aOxford ; _bBoston : _bBlackwell Scientific Publications, _c1993. |
|
| 300 |
_aviii, 416 pages : _billustrations _c24 cm |
||
| 336 |
_atext _btxt _2rdacontent |
||
| 337 |
_aunmediated _bn _2rdamedia |
||
| 338 |
_avolume _bnc _2rdacarrier |
||
| 490 | 0 | _aLecture note series | |
| 500 | _aIncludes index. | ||
| 650 | 1 | 2 |
_aAnatomy _9104922 |
| 942 |
_2NLM _cBK |
||
| 999 |
_c200461097 _d79309 |
||